[Event "DEM U10/U10w 2000"]
[Site "Überlingen GER"]
[Date "2000.06.06"]
[Round "5"]
[White "Baldauf, Marco"]
[Black "Szczap, Arthur"]
[Result "1-0"]
[Termination "normal"]
[Board "1"]
[WhiteElo "1278"]
[BlackElo "925"]
[PlyCount "107"]
[WhiteFideId "4688210"]
[BlackFideId "24637394"]
[EventCountry "GER"]
[EventRounds "11"]
[EventType "swiss"]
[EventDate "2000.06.03"]

1. e4 c5 2. Nf3 Nc6 3. d3 d6 4. g3 e6 5. Bg2 Nf6 6. O-O Be7 7. Nbd2 O-O 8. c3
Bd7 9. a4 b6 10. Qe2 Re8 11. h3 Qc7 12. Kh2 h6 13. Ng1 d5 14. f4 dxe4 15. dxe4
Rad8 16. Ngf3 Bc8 17. Re1 Bb7 18. Qe3 Rd7 19. Kh1 Red8 20. Bf1 e5 21. f5 Nh7
22. g4 Ng5 23. h4 Nxf3 24. Nxf3 Na5 25. g5 h5 26. g6 f6 27. Be2 Nb3 28. Bc4+
Kf8 29. Bxb3 Rd3 30. Qe2 Ba6 31. Qf2 c4 32. Bc2 Bc5 33. Qe2 R3d7 34. Be3 Be7
35. Nd2 Bd6 36. Qxh5 Ke7 37. Qh7 Rf8 38. Qxg7+ Ke8 39. Qh6 Rg7 40. Rad1 Bb7 41.
Qh5 Bc5 42. Qf3 Rh8 43. h5 Bxe3 44. Rxe3 Rh6 45. Qe2 Ba6 46. Re1 Rg8 47. Rh3 b5
48. Qe3 Rgh8 49. Rg1 Rxh5 50. Rgg3 Qg7 51. Rxh5 Rxh5+ 52. Rh3 Rg5 53. Rh7 Qg8
54. Qxa7 1-0

[Event "DEM U10/U10w 2000"]
[Site "Überlingen GER"]
[Date "2000.06.06"]
[Round "5"]
[White "Schlötzer, Waldemar"]
[Black "Dinger, Florian"]
[Result "1-0"]
[Termination "normal"]
[Board "2"]
[WhiteElo "1199"]
[BlackElo "1135"]
[PlyCount "73"]
[WhiteFideId "24602140"]
[BlackFideId "24605573"]
[EventCountry "GER"]
[EventRounds "11"]
[EventType "swiss"]
[EventDate "2000.06.03"]

1. d4 Nf6 2. c4 g6 3. Nc3 Bg7 4. e4 d6 5. h3 Nbd7 6. Bd3 O-O 7. Nge2 b6 8. O-O
Bb7 9. Bg5 e5 10. d5 c5 11. f4 h6 12. Bh4 exf4 13. Bxf6 Bxf6 14. Nxf4 Bg7 15.
Qc2 Ne5 16. Be2 Bc8 17. Nd3 h5 18. Nxe5 Bxe5 19. Rf3 Bd7 20. Bd3 a5 21. a4 Rb8
22. Ne2 Qg5 23. Raf1 Kg7 24. Kh1 Kg8 25. Nf4 Kg7 26. Be2 Kg8 27. Qc1 Bxa4 28.
Qd2 Bd7 29. b3 a4 30. bxa4 Bxa4 31. Qe1 Bc2 32. Qf2 Bxe4 33. Ne6 fxe6 34. Rxf8+
Rxf8 35. Qxf8+ Kh7 36. Rf7+ Bg7 37. Qxg7# 1-0

[Event "DEM U10/U10w 2000"]
[Site "Überlingen GER"]
[Date "2000.06.06"]
[Round "5"]
[White "Ohme, Melanie"]
[Black "Müller, Reinhold"]
[Result "0-1"]
[Termination "normal"]
[Board "3"]
[WhiteElo "1121"]
[BlackElo "1248"]
[PlyCount "116"]
[WhiteFideId "4690745"]
[BlackFideId "24605875"]
[EventCountry "GER"]
[EventRounds "11"]
[EventType "swiss"]
[EventDate "2000.06.03"]

1. e4 c5 2. Nf3 d6 3. d4 cxd4 4. Nxd4 Nf6 5. Nc3 g6 6. Bc4 Bg7 7. Be3 Ng4 8.
Qd2 Nxe3 9. Qxe3 O-O 10. h4 h5 11. f3 Qb6 12. O-O-O e5 13. Nd5 Qc5 14. Nb5 Qxc4
15. Nbc7 Na6 16. Nxa8 Qxa2 17. Nac7 Nxc7 18. Nxc7 Qa1+ 19. Kd2 Qxb2 20. Nd5 Be6
21. Rb1 Qa2 22. Ra1 Qc4 23. Qd3 Qxd3+ 24. Kxd3 Bxd5 25. exd5 e4+ 26. fxe4 Bxa1
27. Rxa1 a6 28. c4 f5 29. exf5 Rxf5 30. Rb1 b5 31. g3 Rf3+ 32. Kd4 Rxg3 33.
cxb5 axb5 34. Rxb5 Rg4+ 35. Ke3 Rxh4 36. Rb6 Kf7 37. Rxd6 Rg4 38. Rd7+ Ke8 39.
Rh7 h4 40. Kf3 Rg3+ 41. Kf4 g5+ 42. Ke5 h3 43. Ke6 Re3+ 44. Kd6 Rd3 45. Kc6 g4
46. d6 Rc3+ 47. Kd5 Rc2 48. d7+ Kd8 49. Ke6 Re2+ 50. Kd6 Rd2+ 51. Ke6 h2 52.
Rh8+ Kc7 53. Rc8+ Kb7 54. d8=Q Rxd8 55. Rxd8 h1=Q 56. Rd7+ Kc8 57. Rg7 Qh6+ 58.
Kf7 Qxg7+ 0-1

[Event "DEM U10/U10w 2000"]
[Site "Überlingen GER"]
[Date "2000.06.06"]
[Round "5"]
[White "Mandery, Markus"]
[Black "Schmidt, David"]
[Result "1/2-1/2"]
[Termination "normal"]
[Board "5"]
[WhiteElo "1454"]
[BlackElo "1078"]
[PlyCount "27"]
[WhiteFideId "24607126"]
[EventCountry "GER"]
[EventRounds "11"]
[EventType "swiss"]
[EventDate "2000.06.03"]

1. d4 d5 2. Nf3 Nf6 3. Bg5 Bg4 4. e3 e6 5. c4 c6 6. Nc3 Bb4 7. cxd5 exd5 8. Be2
Qa5 9. O-O Bxc3 10. bxc3 Qxc3 11. Bxf6 gxf6 12. Qa4 b5 13. Qb3 Qxb3 14. axb3
1/2-1/2

[Event "DEM U10/U10w 2000"]
[Site "Überlingen GER"]
[Date "2000.06.06"]
[Round "5"]
[White "Lubbe, Nikolas"]
[Black "Schneider, David"]
[Result "1/2-1/2"]
[Termination "normal"]
[Board "6"]
[WhiteElo "1110"]
[BlackElo "1421"]
[PlyCount "100"]
[WhiteFideId "4694031"]
[BlackFideId "4697111"]
[EventCountry "GER"]
[EventRounds "11"]
[EventType "swiss"]
[EventDate "2000.06.03"]

1. e4 e5 2. Nf3 Nf6 3. d4 exd4 4. e5 Nd5 5. Qxd4 Nb6 6. Bd3 Nc6 7. Qe4 Be7 8.
O-O d6 9. exd6 Qxd6 10. Bf4 Qd8 11. Nc3 a6 12. Rad1 Bd7 13. Rfe1 f5 14. Qe2 O-O
15. Bc4+ Nxc4 16. Qxc4+ Kh8 17. Bxc7 Qxc7 18. Rxe7 Rad8 19. Ree1 h6 20. Nd5 Qc8
21. Nb6 Qc7 22. Nxd7 Rxd7 23. Rxd7 Qxd7 24. Qd3 Qxd3 25. cxd3 Nb4 26. Ne5 Kg8
27. a3 Nc6 28. Nxc6 bxc6 29. g3 Kf7 30. Kf1 Rd8 31. Ke2 c5 32. Rc1 Rd5 33. Rc4
Ke6 34. Ra4 Rd6 35. Ra5 Rc6 36. Ra4 Kd5 37. Kd2 Rb6 38. b4 cxb4 39. Rxb4 Rc6
40. f4 g6 41. a4 Rd6 42. h3 Rc6 43. g4 fxg4 44. hxg4 h5 45. gxh5 gxh5 46. f5
Rf6 47. Ke3 Ke5 48. Rf4 Rxf5 49. d4+ Kf6 50. Rh4 Ra5 1/2-1/2

[Event "DEM U10/U10w 2000"]
[Site "Überlingen GER"]
[Date "2000.06.06"]
[Round "5"]
[White "Savchenko, Oleksey"]
[Black "Rudolf, Sebastian"]
[Result "1-0"]
[Termination "normal"]
[Board "7"]
[WhiteElo "1329"]
[BlackElo "1063"]
[PlyCount "65"]
[WhiteFideId "24611727"]
[BlackFideId "24609390"]
[EventCountry "GER"]
[EventRounds "11"]
[EventType "swiss"]
[EventDate "2000.06.03"]

1. d4 Nf6 2. c4 c5 3. d5 b5 4. cxb5 a6 5. b6 Qxb6 6. Nc3 d6 7. e4 g6 8. Rb1 Bg7
9. b4 Ng4 10. Na4 Qb7 11. f3 Ne5 12. Bd2 c4 13. Qc2 Bd7 14. Nb2 Nd3+ 15. Nxd3
cxd3 16. Bxd3 O-O 17. Ne2 Rc8 18. Qb3 Bb5 19. O-O Nd7 20. Rfc1 Ne5 21. Bxb5
Qxb5 22. Nd4 Qb6 23. Be3 Nxf3+ 24. Nxf3 Qb7 25. Nd4 Rxc1+ 26. Rxc1 Rc8 27. Nc6
Rc7 28. Bg5 h6 29. Be3 Qa8 30. Bb6 Rb7 31. Bd8 Bf6 32. a4 Kh7 33. a5 1-0

[Event "DEM U10/U10w 2000"]
[Site "Überlingen GER"]
[Date "2000.06.06"]
[Round "5"]
[White "Forchmann, Georg"]
[Black "Seyb, Alexander"]
[Result "1-0"]
[Termination "normal"]
[Board "8"]
[WhiteElo "1214"]
[BlackElo "1052"]
[PlyCount "89"]
[BlackFideId "4699033"]
[EventCountry "GER"]
[EventRounds "11"]
[EventType "swiss"]
[EventDate "2000.06.03"]

1. e4 Nf6 2. Nc3 d5 3. e5 Ne4 4. Nf3 Bg4 5. h3 Bh5 6. Be2 e6 7. d4 c5 8. O-O
Be7 9. Be3 Nc6 10. dxc5 Nxc5 11. Bb5 O-O 12. Bxc6 bxc6 13. Bxc5 Bxc5 14. Qd3
Bg6 15. Qd2 Rb8 16. b3 Bb4 17. a3 Ba5 18. b4 Bc7 19. Nd4 Bxe5 20. Nxc6 Qc7 21.
Nxe5 Qxe5 22. Rfe1 Qc7 23. Rac1 Rbc8 24. Nb5 Qb6 25. Nd4 Rfe8 26. Nf3 Qb5 27.
Ne5 Bf5 28. Re2 Qa4 29. c4 Qxa3 30. c5 f6 31. Nf3 Qd3 32. Qa2 Rb8 33. Rb2 Re7
34. Rb3 Qb5 35. Nd4 Qd7 36. Nxf5 exf5 37. Rd1 Re4 38. Qd2 d4 39. Rd3 Qb5 40.
Rxd4 Rxd4 41. Qxd4 Qxb4 42. Qxb4 Rxb4 43. Rd7 a5 44. c6 Rb8 45. c7 1-0

[Event "DEM U10/U10w 2000"]
[Site "Überlingen GER"]
[Date "2000.06.06"]
[Round "5"]
[White "Aghadjanian, Annie"]
[Black "Rafiee, Makan"]
[Result "0-1"]
[Termination "normal"]
[Board "10"]
[WhiteElo "843"]
[BlackElo "1148"]
[PlyCount "84"]
[BlackFideId "24609340"]
[EventCountry "GER"]
[EventRounds "11"]
[EventType "swiss"]
[EventDate "2000.06.03"]

1. e4 c5 2. Nf3 d6 3. d4 cxd4 4. Nxd4 Nf6 5. Nc3 g6 6. f3 Bg7 7. Be3 O-O 8. Qd2
Nc6 9. O-O-O d5 10. Bh6 dxe4 11. Bxg7 Kxg7 12. Nxc6 Qxd2+ 13. Rxd2 bxc6 14.
fxe4 Bb7 15. Be2 c5 16. e5 Ne4 17. Nxe4 Bxe4 18. Bf3 Bxf3 19. gxf3 Rad8 20.
Rhd1 Rxd2 21. Rxd2 e6 22. h4 a5 23. Rd7 Rb8 24. Rc7 Rb4 25. Rxc5 Rxh4 26. Rxa5
Rh1+ 27. Kd2 h5 28. b4 Rb1 29. c3 h4 30. Ke2 h3 31. b5 h2 32. b6 Rxb6 33. c4
h1=Q 34. c5 Rb2+ 35. Ke3 Qe1+ 36. Kd4 Rd2+ 37. Kc4 Qc1+ 38. Kb5 Qb2+ 39. Ka6
Rd7 40. c6 Rc7 41. a4 Qb8 42. f4 Ra7# 0-1

[Event "DEM U10/U10w 2000"]
[Site "Überlingen GER"]
[Date "2000.06.06"]
[Round "5"]
[White "Bindrich, Falko"]
[Black "Weber, Max"]
[Result "1-0"]
[Termination "normal"]
[Board "12"]
[WhiteElo "1645"]
[BlackElo "911"]
[PlyCount "79"]
[WhiteFideId "4676670"]
[BlackFideId "24606146"]
[EventCountry "GER"]
[EventRounds "11"]
[EventType "swiss"]
[EventDate "2000.06.03"]

1. e4 g6 2. d4 Bg7 3. Nc3 d6 4. f4 c6 5. Be3 b5 6. Nf3 Bb7 7. a3 Nd7 8. Be2
Ngf6 9. Nd2 a6 10. Bf3 Qc7 11. O-O O-O 12. Qe2 Rfe8 13. e5 Nd5 14. Nxd5 cxd5
15. c3 e6 16. Rae1 Rad8 17. Bf2 Nb6 18. Bg3 dxe5 19. fxe5 Na4 20. Bh4 Rd7 21.
Nb3 Qc8 22. Bg5 Rc7 23. Nc1 h6 24. Bf4 Rd7 25. Bg4 Ree7 26. Nd3 Rc7 27. h4 Re8
28. Qd1 Qd8 29. g3 Kh7 30. Rf2 Rf8 31. Bc1 Qe7 32. Nf4 Rcc8 33. Qd3 Qe8 34. h5
Rc6 35. hxg6+ fxg6 36. Bd1 Ba8 37. Bc2 Rf5 38. Qf3 Rg5 39. Nh3 Rh5 40. Qxh5 1-0

[Event "DEM U10/U10w 2000"]
[Site "Überlingen GER"]
[Date "2000.06.06"]
[Round "5"]
[White "Scheerer, Kim"]
[Black "Geilfuss, Albert"]
[Result "0-1"]
[Termination "normal"]
[Board "13"]
[WhiteElo "879"]
[BlackElo "1297"]
[PlyCount "108"]
[EventCountry "GER"]
[EventRounds "11"]
[EventType "swiss"]
[EventDate "2000.06.03"]

1. e4 c5 2. Nc3 Nc6 3. Nf3 d6 4. Bc4 Nf6 5. d3 e6 6. Bg5 Be7 7. Bxf6 Bxf6 8.
O-O O-O 9. Bb5 Bd7 10. Bxc6 Bxc6 11. d4 cxd4 12. Nxd4 Qc7 13. Rb1 Rad8 14. Nxc6
Qxc6 15. Ne2 Qxe4 16. Ng3 Qc6 17. c3 d5 18. Qg4 Qc4 19. Qxc4 dxc4 20. Rbd1 Rfe8
21. Rxd8 Rxd8 22. h3 Be7 23. Re1 g6 24. b3 cxb3 25. axb3 Rd3 26. Re3 Rxe3 27.
fxe3 f5 28. b4 e5 29. Kf2 Bh4 30. Kf3 Bxg3 31. Kxg3 Kf7 32. c4 g5 33. Kf3 e4+
34. Kg3 Ke6 35. Kf2 Ke5 36. g3 f4 37. g4 f3 38. Kf1 Kd6 39. Kf2 b6 40. c5+ bxc5
41. bxc5+ Kxc5 42. Kf1 a5 43. h4 gxh4 44. Kf2 a4 45. g5 a3 46. g6 hxg6 47. Kf1
h3 48. Kg1 a2 49. Kh2 a1=Q 50. Kxh3 f2 51. Kg3 f1=Q 52. Kg4 Qf5+ 53. Kh4 Qh1+
54. Kg3 Qhh3# 0-1

[Event "DEM U10/U10w 2000"]
[Site "Überlingen GER"]
[Date "2000.06.06"]
[Round "5"]
[White "Katte, Nicolas"]
[Black "Zahn, Benno"]
[Result "1/2-1/2"]
[Termination "normal"]
[Board "14"]
[WhiteElo "1148"]
[BlackElo "883"]
[PlyCount "73"]
[WhiteFideId "24614149"]
[BlackFideId "24636070"]
[EventCountry "GER"]
[EventRounds "11"]
[EventType "swiss"]
[EventDate "2000.06.03"]

1. e4 e5 2. Nf3 Nc6 3. d4 exd4 4. Nxd4 Nf6 5. Bg5 Bc5 6. c3 h6 7. Be3 Nxe4 8.
Bd3 Bxd4 9. cxd4 Ng5 10. Qe2 O-O 11. O-O d5 12. Re1 Re8 13. Qd2 Bh3 14. f4 Bg4
15. fxg5 hxg5 16. Nc3 f6 17. Ne2 Qe7 18. Ng3 Qd6 19. Bf5 Bxf5 20. Nxf5 Qd7 21.
Ng3 Qg4 22. Qe2 Qd7 23. Qf3 Re6 24. Re2 Rae8 25. a3 Na5 26. Nf5 Nc4 27. Rae1 g6
28. Nh6+ Kh7 29. Qh3 Qb5 30. Ng4+ Kg8 31. Qg3 Nxb2 32. Qxc7 Nd3 33. Nh6+ Kh8
34. Nf7+ Kg8 35. Nh6+ Kh8 36. Nf7+ Kg8 37. Nh6+ 1/2-1/2

[Event "DEM U10/U10w 2000"]
[Site "Überlingen GER"]
[Date "2000.06.06"]
[Round "5"]
[White "Schulz, Michael"]
[Black "Wittmann, Thomas"]
[Result "0-1"]
[Termination "normal"]
[Board "15"]
[WhiteElo "863"]
[BlackElo "1070"]
[PlyCount "44"]
[EventCountry "GER"]
[EventRounds "11"]
[EventType "swiss"]
[EventDate "2000.06.03"]

1. e4 c5 2. Nf3 d6 3. d4 cxd4 4. Nxd4 Nf6 5. Nc3 g6 6. f3 Bg7 7. Be3 Nc6 8. Qd2
O-O 9. O-O-O Nxd4 10. Bxd4 Be6 11. g4 Qa5 12. Kb1 Rfc8 13. h4 Rc7 14. a3 Rac8
15. Na2 Qxd2 16. Rxd2 Bxa2+ 17. Kxa2 Rxc2 18. Rxc2 Rxc2 19. Bd3 Rd2 20. Bxf6
Bxf6 21. Bc4 Rxb2+ 22. Ka1 Rh2+ 0-1

[Event "DEM U10/U10w 2000"]
[Site "Überlingen GER"]
[Date "2000.06.06"]
[Round "5"]
[White "Bömelburg, Raphael"]
[Black "von Berg, Martin"]
[Result "1-0"]
[Termination "normal"]
[Board "16"]
[WhiteElo "1009"]
[BlackElo "875"]
[PlyCount "91"]
[WhiteFideId "24692441"]
[EventCountry "GER"]
[EventRounds "11"]
[EventType "swiss"]
[EventDate "2000.06.03"]

1. e4 c5 2. Nc3 Nc6 3. f4 d6 4. Nf3 g6 5. Bb5 Bd7 6. O-O Bg7 7. d3 a6 8. Bc4 e6
9. Be3 Nge7 10. Qe2 Qb6 11. Bb3 O-O-O 12. Rab1 Nd4 13. Nxd4 cxd4 14. Bf2 Kb8
15. Rfc1 Rc8 16. Nd1 Qa5 17. Bg3 Rc6 18. c3 dxc3 19. Nxc3 Bxc3 20. Rxc3 Rxc3
21. bxc3 Qxc3 22. f5 Qd4+ 23. Bf2 Qe5 24. fxe6 fxe6 25. Kh1 Ka8 26. Bg3 Qc5 27.
Bf2 Qc6 28. Qe3 Nc8 29. Rc1 Qxc1+ 30. Qxc1 Bb5 31. Qc3 e5 32. Be6 Ne7 33. Qc7
Nc6 34. Bc8 Nd8 35. Bh4 Rf8 36. h3 Bc6 37. Bxd8 h5 38. Be7 Rf7 39. Be6 Rh7 40.
Qd8+ Ka7 41. Bxd6 g5 42. Bc5+ b6 43. Bd6 Rb7 44. Bc8 Rf7 45. Bc7 a5 46. Bxb6+
1-0

[Event "DEM U10/U10w 2000"]
[Site "Überlingen GER"]
[Date "2000.06.06"]
[Round "5"]
[White "Hofmann, Christine"]
[Black "Fink, Leander"]
[Result "0-1"]
[Termination "normal"]
[Board "17"]
[WhiteElo "966"]
[BlackElo "712"]
[PlyCount "82"]
[BlackFideId "24605247"]
[EventCountry "GER"]
[EventRounds "11"]
[EventType "swiss"]
[EventDate "2000.06.03"]

1. d4 Nf6 2. c4 d6 3. e3 Nbd7 4. Nc3 g6 5. Bd3 Bg7 6. Nf3 O-O 7. O-O e5 8. Bd2
Re8 9. Ng5 h6 10. Nge4 Nxe4 11. Nxe4 exd4 12. exd4 Bxd4 13. Bc3 Bxc3 14. Nxc3
Ne5 15. Be2 Be6 16. b3 Qf6 17. Ne4 Qf5 18. Bd3 Nxd3 19. Qxd3 Bxc4 20. bxc4 Qxe4
21. Qh3 Qxc4 22. Qxh6 Re2 23. Rfc1 Rae8 24. h3 Rc2 25. Re1 Rxe1+ 26. Rxe1 Re2
27. Rb1 a6 28. a3 Qe4 29. Rb4 Qe5 30. Rf4 Re1+ 31. Kh2 g5 32. Qxg5+ Qxg5 33.
Rg4 Qxg4 34. hxg4 c5 35. f4 c4 36. f5 c3 37. g5 c2 38. g6 c1=Q 39. gxf7+ Kxf7
40. g4 Qe3 41. Kg2 Re2+ 0-1

[Event "DEM U10/U10w 2000"]
[Site "Überlingen GER"]
[Date "2000.06.06"]
[Round "5"]
[White "Erben, Larissa"]
[Black "Fischer, Patrick"]
[Result "1-0"]
[Termination "normal"]
[Board "18"]
[WhiteElo "918"]
[BlackElo "649"]
[PlyCount "65"]
[WhiteFideId "24634590"]
[EventCountry "GER"]
[EventRounds "11"]
[EventType "swiss"]
[EventDate "2000.06.03"]

1. e4 e6 2. d4 d5 3. exd5 exd5 4. Bd3 Nc6 5. Ne2 Nf6 6. c3 Bd6 7. Bf4 Bg4 8. f3
Be6 9. Nd2 Qd7 10. Qc2 O-O-O 11. O-O-O Rde8 12. Nf1 a6 13. Nfg3 Na7 14. Nf5
Reg8 15. Nxd6+ cxd6 16. c4 Qc6 17. cxd5 Qxc2+ 18. Bxc2 Bxd5 19. Bxd6 Bxa2 20.
Kd2 Nb5 21. Bg3 Rd8 22. Rc1 Rd7 23. Bf5+ Kd8 24. Bxd7 Kxd7 25. Rc5 b6 26. Re5
h5 27. Ra1 Be6 28. Rxa6 Kc6 29. Rc5+ Kb7 30. Rxb5 Kxa6 31. Rg5 g6 32. Be5 Rc8
33. Bxf6 1-0

[Event "DEM U10/U10w 2000"]
[Site "Überlingen GER"]
[Date "2000.06.06"]
[Round "5"]
[White "Bogner, Sebastian"]
[Black "Wortmann, Jonas"]
[Result "1/2-1/2"]
[Termination "normal"]
[Board "19"]
[WhiteElo "768"]
[BlackElo "1184"]
[PlyCount "81"]
[WhiteFideId "4692055"]
[BlackFideId "24628069"]
[EventCountry "GER"]
[EventRounds "11"]
[EventType "swiss"]
[EventDate "2000.06.03"]

1. d4 d5 2. c4 Nf6 3. Nf3 Bf5 4. Bg5 e6 5. e3 Be7 6. Nc3 h6 7. Bh4 O-O 8. Be2
c6 9. Qb3 Qb6 10. Qxb6 axb6 11. O-O Nbd7 12. a3 Bd6 13. Rac1 Rac8 14. cxd5 exd5
15. Na4 Ne4 16. Bd3 Bg6 17. Nc3 Nxc3 18. Rxc3 Bxd3 19. Rxd3 Rfe8 20. Rc1 Nf8
21. Bg3 Bxg3 22. fxg3 Ne6 23. Ne5 Re7 24. Rf1 Rf8 25. Rb3 b5 26. Rb4 Kh7 27. a4
f6 28. Nd3 Nc7 29. Re1 Rfe8 30. Kf2 Na6 31. Rb3 bxa4 32. Ra3 b5 33. b3 Nc7 34.
bxa4 Ra8 35. Nc5 Ne6 36. Nxe6 Rxe6 37. Rea1 bxa4 38. Rxa4 Rb8 39. Ra6 Rb2+ 40.
Kf3 Rb3 41. Re1 1/2-1/2

[Event "DEM U10/U10w 2000"]
[Site "Überlingen GER"]
[Date "2000.06.06"]
[Round "5"]
[White "Müller, Jan Hendrik"]
[Black "Jussupow, Ekaterina"]
[Result "0-1"]
[Termination "normal"]
[Board "20"]
[WhiteElo "1144"]
[BlackElo "746"]
[PlyCount "118"]
[WhiteFideId "24615048"]
[BlackFideId "24625400"]
[EventCountry "GER"]
[EventRounds "11"]
[EventType "swiss"]
[EventDate "2000.06.03"]

1. e4 e5 2. Nf3 Nc6 3. Bc4 Bc5 4. c3 Qf6 5. a4 a5 6. d3 d6 7. Be3 Bg4 8. Nbd2
Nge7 9. Qb3 O-O 10. Bd5 Nxd5 11. exd5 Bxe3 12. fxe3 Ne7 13. O-O Qg6 14. e4 f5
15. Qc2 f4 16. Nh4 Qh5 17. Ndf3 g5 18. Nf5 Nxf5 19. exf5 Bxf5 20. Qe2 g4 21.
Nd2 Rf6 22. Rf2 Rh6 23. h3 g3 24. Rf3 Bg4 25. Qe4 Bxf3 26. Nxf3 Qg6 27. Rc1
Qxe4 28. dxe4 c6 29. c4 Rc8 30. Rd1 cxd5 31. cxd5 Rc4 32. Ng5 Rg6 33. h4 h6 34.
Ne6 Rxe4 35. Kf1 Rxa4 36. Ke2 e4 37. Nxf4 Rf6 38. Ke3 Rf5 39. Ne6 Rf2 40. h5
Rxg2 41. Nc5 Rc4 42. Nxe4 Rb4 43. Nxd6 Rb3+ 44. Kf4 Rf2+ 45. Ke5 g2 46. Rg1
Rbxb2 47. Nc4 Rf1 48. d6 Rxg1 49. d7 Rd1 50. Nd6 Re2+ 51. Ne4 Rxd7 52. Kf5 g1=Q
53. Nf6+ Kf8 54. Ne4 Rd5+ 55. Kf4 Qf1+ 56. Kg4 Rg2+ 57. Ng3 Rg5+ 58. Kh3 R2xg3+
59. Kh4 Qf4# 0-1

[Event "DEM U10/U10w 2000"]
[Site "Überlingen GER"]
[Date "2000.06.06"]
[Round "5"]
[White "Gremmer, Julia"]
[Black "Stock, Lara"]
[Result "0-1"]
[Termination "normal"]
[Board "21"]
[WhiteElo "730"]
[BlackElo "1114"]
[PlyCount "118"]
[EventCountry "GER"]
[EventRounds "11"]
[EventType "swiss"]
[EventDate "2000.06.03"]

1. e4 c6 2. Nf3 d5 3. Nc3 dxe4 4. Nxe4 Bf5 5. d3 Bxe4 6. dxe4 Qxd1+ 7. Kxd1 e6
8. Bd3 Nd7 9. Bf4 Ne7 10. Ke2 Ng6 11. Be3 O-O-O 12. Rad1 Bc5 13. Nd4 Nf6 14. f4
e5 15. fxe5 Nxe5 16. Rd2 Bxd4 17. Bxd4 Rxd4 18. c3 Rxd3 19. Rxd3 Nxd3 20. Kxd3
Re8 21. Re1 Rd8+ 22. Ke3 Re8 23. Kf3 Kc7 24. Kf4 Rd8 25. e5 Nd5+ 26. Kf5 Ne7+
27. Kf4 Rd2 28. Kf3 Rxb2 29. a4 Rc2 30. Re3 Nd5 31. Re4 Rxc3+ 32. Kg4 Ne3+ 33.
Kh4 Nxg2+ 34. Kh5 Rh3+ 35. Kg4 Re3 36. Kf5 Rxe4 37. Kxe4 Nh4 38. Kf4 Ng6+ 39.
Kf5 c5 40. Ke4 c4 41. Kd4 Kc6 42. Kxc4 Nxe5+ 43. Kd4 Kd6 44. Kc3 f5 45. Kd2
Nf3+ 46. Ke3 Nxh2 47. Kf2 Ng4+ 48. Ke1 f4 49. Kf1 Ke5 50. Ke2 Ke4 51. Kf1 Ke3
52. Ke1 f3 53. Kf1 f2 54. Kg2 Ke2 55. Kg3 f1=Q 56. Kxg4 Qf3+ 57. Kh4 Qg2 58.
Kh5 Kf3 59. Kh4 Qg4# 0-1

[Event "DEM U10/U10w 2000"]
[Site "Überlingen GER"]
[Date "2000.06.06"]
[Round "5"]
[White "Lange, Jan-David"]
[Black "Fuchs, Judith"]
[Result "0-1"]
[Termination "normal"]
[Board "22"]
[WhiteElo "1000"]
[BlackElo "727"]
[PlyCount "84"]
[WhiteFideId "24614963"]
[BlackFideId "24605611"]
[EventCountry "GER"]
[EventRounds "11"]
[EventType "swiss"]
[EventDate "2000.06.03"]

1. e4 c5 2. Nf3 d6 3. d4 cxd4 4. Nxd4 g6 5. Nc3 Bg7 6. Be3 Nf6 7. f3 Nc6 8. Qd2
O-O 9. O-O-O Qa5 10. Bh6 Nxd4 11. Bxg7 Nxf3 12. gxf3 Kxg7 13. Bc4 a6 14. Qd4
Qc5 15. Qxc5 dxc5 16. Na4 b5 17. Nb6 Rb8 18. Nxc8 Rbxc8 19. Be2 Rfd8 20. e5 Nh5
21. b3 Nf4 22. Bd3 Nxd3+ 23. Rxd3 Rxd3 24. cxd3 Rd8 25. Kc2 Rd5 26. f4 f6 27.
exf6+ Kxf6 28. Re1 e5 29. fxe5+ Rxe5 30. Rxe5 Kxe5 31. Kc3 Kd5 32. a3 a5 33.
Kc2 g5 34. Kd2 Kd4 35. Ke2 h5 36. h3 g4 37. hxg4 hxg4 38. Kf2 Kxd3 39. Kg3 Kc3
40. Kxg4 Kxb3 41. Kf3 Kb2 42. Ke3 c4 0-1

[Event "DEM U10/U10w 2000"]
[Site "Überlingen GER"]
[Date "2000.06.06"]
[Round "5"]
[White "Pongratz, Philip"]
[Black "Collmann, Martin"]
[Result "1-0"]
[Termination "normal"]
[Board "24"]
[WhiteElo "946"]
[BlackElo "496"]
[PlyCount "41"]
[EventCountry "GER"]
[EventRounds "11"]
[EventType "swiss"]
[EventDate "2000.06.03"]

1. e4 c6 2. d4 d5 3. Nc3 g6 4. Nf3 Bg7 5. Bf4 Bg4 6. h3 Bxf3 7. Qxf3 Bxd4 8.
exd5 Nf6 9. dxc6 Nxc6 10. O-O-O Qb6 11. Bb5 Bxc3 12. Bxc6+ bxc6 13. Qxc3 O-O
14. Bh6 Rfd8 15. g4 Qxf2 16. Rhf1 Qh4 17. g5 Ne8 18. Rde1 f6 19. Rxe7 fxg5 20.
Qh8+ Kxh8 21. Rf8# 1-0

[Event "DEM U10/U10w 2000"]
[Site "Überlingen GER"]
[Date "2000.06.06"]
[Round "5"]
[White "Weiß, Katharina"]
[Black "Rath, Oliver"]
[Result "1-0"]
[Termination "normal"]
[Board "25"]
[WhiteElo "897"]
[BlackElo "332"]
[PlyCount "107"]
[WhiteFideId "24692859"]
[BlackFideId "24610380"]
[EventCountry "GER"]
[EventRounds "11"]
[EventType "swiss"]
[EventDate "2000.06.03"]

1. e4 c5 2. Nf3 Nc6 3. d4 cxd4 4. Nxd4 d6 5. Nc3 Nf6 6. Be3 e6 7. Bb5 Bd7 8.
O-O a6 9. Ba4 b5 10. Bb3 Be7 11. a3 O-O 12. Qd3 Nxd4 13. Qxd4 e5 14. Qb6 Qxb6
15. Bxb6 Bc6 16. f3 Rab8 17. Be3 Rfd8 18. Rad1 h6 19. Bd5 Bxd5 20. Nxd5 Nxd5
21. Rxd5 Rdc8 22. c3 Rc6 23. f4 f6 24. fxe5 dxe5 25. Rd7 Bc5 26. Bxc5 Rxc5 27.
Ra7 Rc6 28. Rd1 g5 29. Rdd7 h5 30. Rg7+ Kf8 31. Rh7 Kg8 32. Rxh5 Rd8 33. h3
Rd1+ 34. Kh2 Rd2 35. Rhh7 Rxb2 36. Rhb7 Rc8 37. Rxa6 Rb3 38. Rxf6 Rxa3 39. Rxb5
Raxc3 40. Rxe5 Kg7 41. Rd6 g4 42. Rg5+ Kf7 43. Rxg4 Re3 44. Rh4 Ke7 45. Ra6
Rec3 46. Rh7+ Kf8 47. Raa7 Kg8 48. e5 Re3 49. Rae7 Rd8 50. e6 Rd6 51. Reg7+ Kf8
52. e7+ Ke8 53. Rh8+ Kd7 54. e8=Q# 1-0

[Event "DEM U10/U10w 2000"]
[Site "Überlingen GER"]
[Date "2000.06.06"]
[Round "5"]
[White "Armbrüster, Clemens"]
[Black "Zeuner, Felix"]
[Result "1/2-1/2"]
[Termination "normal"]
[Board "28"]
[WhiteElo "584"]
[BlackElo "830"]
[PlyCount "58"]
[WhiteFideId "12969699"]
[EventCountry "GER"]
[EventRounds "11"]
[EventType "swiss"]
[EventDate "2000.06.03"]

1. e4 e6 2. d4 d5 3. e5 c5 4. c3 Nc6 5. Nf3 a6 6. Be2 f6 7. O-O Qb6 8. h3 Be7
9. Bd3 cxd4 10. cxd4 f5 11. Re1 Bd7 12. Bc2 O-O-O 13. Nc3 Kb8 14. Rb1 h6 15. b4
Bf8 16. b5 Na5 17. bxa6 Qxa6 18. Ba4 Bxa4 19. Qxa4 Ne7 20. Qb5 Qxb5 21. Nxb5
Nec6 22. Nh4 g5 23. Ng6 Rg8 24. Nxf8 Rgxf8 25. a4 f4 26. Bd2 h5 27. Bxa5 Nxa5
28. Nd6 Rd7 29. Nb5 g4 1/2-1/2

[Event "DEM U10/U10w 2000"]
[Site "Überlingen GER"]
[Date "2000.06.06"]
[Round "5"]
[White "Müller, Jonathan"]
[Black "Schleißinger, Patrick"]
[Result "1/2-1/2"]
[Termination "normal"]
[Board "31"]
[WhiteElo "487"]
[BlackElo "761"]
[PlyCount "57"]
[EventCountry "GER"]
[EventRounds "11"]
[EventType "swiss"]
[EventDate "2000.06.03"]

1. e4 e5 2. Bc4 Nf6 3. d3 h6 4. Nc3 Bc5 5. Bd2 d6 6. Na4 Bb6 7. Nxb6 axb6 8.
Ne2 O-O 9. O-O Nc6 10. a3 Bg4 11. h3 Bh5 12. Qe1 Bxe2 13. Qxe2 Nd4 14. Qd1 b5
15. Ba2 c6 16. f4 Qb6 17. Kh1 exf4 18. Rxf4 Qc5 19. Be3 Qe5 20. c3 Ne6 21. d4
Qh5 22. Qxh5 Nxh5 23. Rg4 Nf6 24. Bxe6 Nxg4 25. Bxg4 Rfe8 26. Bf3 d5 27. e5 f6
28. Bf4 g5 29. Bg3 1/2-1/2